Výskum zefektívnenia práce s odborným textom na vysokých školách ekonomického smeru dizertačná práca

Gespeichert in:
Bibliographische Detailangaben
1. Verfasser: Hrivíková, Tatiana, 1959-
Körperschaft: Univerzita Komenského v Bratislave. Filozofická fakulta
Weitere Verfasser: Gromová, Edita
Format: Buch
Sprache:Slowakisch
Veröffentlicht: Bratislava 2004
Schlagworte:
Tags: Tag hinzufügen
Keine Tags, Fügen Sie das erste Tag hinzu!

MARC

LEADER 00000nam$a2200000$$$4500
001 0110279
005 20230224100025.9
041 0 |a slo 
044 |a SK 
245 1 0 |a Výskum zefektívnenia práce s odborným textom na vysokých školách ekonomického smeru  |b dizertačná práca  |c Tatiana Hrivíková ; škol. Edita Gromová 
264 1 |a Bratislava  |c 2004 
300 |a 146 s. 
610 2 0 |a jazyky cudzie 
610 2 0 |a vyučovanie 
610 2 0 |a školy vysoké odborné 
610 2 0 |a ekonómia 
100 1 |a Hrivíková, Tatiana, 1959- 
700 1 |a Gromová, Edita 
710 2 |a Univerzita Komenského v Bratislave. Filozofická fakulta